00660nam a22001697a 450000500170000000800410001702000190005804000090007708200110008610000180009724502090011526000480032430000310037250000400040370000250044370000220046820250213100220.0250120b |||||||| |||| 00| 0 eng d a21/HD03/U/0684 cNone aPG 121 aRichard, Okii amedical waste management practices and associated factors among health workers in public health facilities within Lira City, Northern Uganda /cOkii Richard, Akech Stella Immaculate, and Musinguzi Marvin. aLira University ;bLira University ,cc2024 axi, 48p. :bill. ;c31 cm. aIncludes bibliographical references aImmaculate, S. Akech aMarvin, Musinguzi